Los objetivos fundamentales transversales en la reforma educativa chilena

Uloženo v:
Podrobná bibliografie
Hlavní autoři: Magendzo K., Abraham (autor), Donoso, Patricio (Autor), Rodas, María Teresa (Autor)
Médium: Kniha
Jazyk:španělština
Vydáno: Santiago Universitaria 1997
Vydání:1a. ed
Témata:
Tagy: Přidat tag
Žádné tagy, Buďte první, kdo vytvoří štítek k tomuto záznamu!

MARC

LEADER 00000nam a2200000 a 4500
001 UCR9003
003 CL-VaPUC
008 980605e19970000CL |||||||||||||||||spa|d
020 |a 9561113449 
082 0 4 |a 372.011  |b MAG  |2 21 
100 |a Magendzo K., Abraham  |e autor  |9 616737 
700 0 |a Donoso, Patricio  |e author  |9 411109 
700 0 |a Rodas, María Teresa  |e author  |9 411110 
245 1 4 |a Los objetivos fundamentales transversales en la reforma educativa chilena 
250 |a 1a. ed 
300 |a 143 p 
942 |c BK 
945 |d 19980605 00:00:00  |a aalvarez 
260 |a Santiago  |b Universitaria  |c 1997 
650 0 |a Educación básica   |9 224933 
650 0 |a Planificación de la educación   |9 307333 
650 0 |a Valores educacionales  |9 411111 
650 0 |a Autoestima  |9 308492 
650 0 |a Currículo  |9 307290 
583 |a last modification  |c 19980605 00:00:00  |k Rodrigo Vera 
999 |c 270253  |d 270251 
952 |0 0  |1 0  |4 0  |6 372_011000000000000_MAG_1997  |7 0  |8 A  |9 304418  |a BIBTEO  |b BIBTEO  |d 2019-11-20  |i 3420663  |o 372.011 MAG 1997  |p 3420663  |r 2025-01-17  |w 2019-11-20  |y BK  |k ICR 
952 |0 0  |1 0  |4 0  |6 372_011000000000000_MAG_1997  |7 0  |8 R  |9 304419  |a BIBEDU  |b BIBEDU  |d 2019-11-20  |i 3508579  |o 372.011 MAG 1997  |p 3508579  |r 2023-01-13  |w 2019-11-20  |y BK_R  |k EDU 
952 |0 0  |1 0  |4 0  |6 372_011000000000000_MAG_1997  |7 0  |8 R  |9 304420  |a BIBEDU  |b BIBEDU  |d 2019-11-20  |i 4005309  |o 372.011 MAG 1997  |p 4005309  |r 2023-01-13  |w 2019-11-20  |y BK_R  |k BME 
952 |0 0  |1 0  |4 0  |6 372_011000000000000_MAG_1997  |7 0  |8 R  |9 304421  |a BIBEDU  |b BIBEDU  |c MCIRC  |d 2019-11-20  |i 4025865  |o 372.011 MAG 1997  |p 4025865  |r 2023-01-13  |w 2019-11-20  |y BK_R  |k EBA